ARRUPE JESUIT UNIVERSITY

CORONAVIRUS -STOP THE SPREAD - CLEAN,DISINFECT,COVER

Should pharmaceutical prices be regulated? (Record no. 123772)

MARC details
000 -LEADER
fixed length control field 00516nam a22001577a 4500
005 - DATE AND TIME OF LATEST TRANSACTION
control field 20151112085825.0
008 - FIXED-LENGTH DATA ELEMENTS--GENERAL INFORMATION
fixed length control field 151111b xxu||||| |||| 00| 0 eng d
050 ## - LIBRARY OF CONGRESS CALL NUMBER
Classification number RS100.
Item number S559
100 ## - MAIN ENTRY--PERSONAL NAME
Personal name Green, David G. (ed.)
9 (RLIN) 10600
245 ## - TITLE STATEMENT
Title Should pharmaceutical prices be regulated?
Statement of responsibility, etc by Green, David G.
260 ## - PUBLICATION, DISTRIBUTION, ETC. (IMPRINT)
Place of publication, distribution, etc London
Name of publisher, distributor, etc IEA Health and welfare Unit
Date of publication, distribution, etc 1997
300 ## - PHYSICAL DESCRIPTION
Extent vi, 133p.
Dimensions 20cm.
440 ## - SERIES STATEMENT/ADDED ENTRY--TITLE
Title Choice in welfare
Volume number/sequential designation n. 40
9 (RLIN) 21035
650 ## - SUBJECT ADDED ENTRY--TOPICAL TERM
Topical term or geographic name as entry element Pharmaceuticals
General subdivision Economics
9 (RLIN) 21036
942 ## - ADDED ENTRY ELEMENTS (KOHA)
Source of classification or shelving scheme Library of Congress Classification
Item type Monograph ( Printed materials)
Holdings
Withdrawn status Lost status Source of classification or shelving scheme Damaged status Not for loan Collection code Home library Current library Shelving location Date acquired Total Checkouts Full call number Barcode Date last seen Price effective from Koha item type
    Library of Congress Classification     Main Collection ARRUPE LIBRARY ARRUPE LIBRARY Main Collection 11/11/2015   RS100.S559 46500005763 11/07/2019 11/11/2015 Monograph ( Printed materials)

 

Arrupe Library. PO Box MP320 Mt Pleasant, Harare, Zimbabwe
263 242 745411|librarian@aju.ac.zw